00331nam a22000977a 4500008004100000082001500041100006200056245004500118260006200163300000800225230623b xxu||||| |||| 00| 0 eng d a328.93bNZ cOffice of the Clerk of the House of Representativesd2005 aNatural Justice Before Select Committees bOffice of the Clerk of the House of Representativesc2005 a33p